Fitzpatrick v Sterling Housing Association Ltd (Record no. 62151)
[ view plain ]
| 000 -LEADER | |
|---|---|
| fixed length control field | 01346cam a2200229 4500 |
| 001 - CONTROL NUMBER | |
| control field | ABS61717 |
| 008 - FIXED-LENGTH DATA ELEMENTS--GENERAL INFORMATION | |
| fixed length control field | 000000n1999 000 0 eng u |
| 035 ## - SYSTEM CONTROL NUMBER | |
| System control number | (Sirsi) u103439 |
| 245 ## - TITLE STATEMENT | |
| Title | Fitzpatrick v Sterling Housing Association Ltd |
| 260 ## - PUBLICATION, DISTRIBUTION, ETC. | |
| Date of publication, distribution, etc. | 1999 |
| 490 ## - SERIES STATEMENT | |
| Series statement | Weekly Law Reports |
| Volume/sequential designation | [1999] 3 WLR 1113-1157(23) |
| 520 ## - SUMMARY, ETC. | |
| Summary, etc. | HL 28 October 1999. F had lived with the tenant of a flat of which S was the landlord, in a stable homosexual relationship since 1976. On the death of the tenant in 1994, F applied to take on the tenancy, but S refused, although was prepared to provide smaller accommodation. F's appeal was then dismissed under the Rent Act 1977, Sch 1, para 2(2), as he was not a member of the original tenant's family or his spouse. "Held" that Parliament sought to extend the meaning of 'spouse' to include persons not legally married but living together as husband and wife. It was found that F qualified to succeed the tenancy. |
| 590 ## - LOCAL NOTE (RLIN) | |
| Local note | ABS |
| 600 ## - SUBJECT ADDED ENTRY--PERSONAL NAME | |
| Personal name | SUCCESSION |
| 650 ## - SUBJECT ADDED ENTRY--TOPICAL TERM | |
| Topical term or geographic name entry element | HOMOSEXUAL RELATIONSHIP |
| 650 ## - SUBJECT ADDED ENTRY--TOPICAL TERM | |
| Topical term or geographic name entry element | FITZPATRICK V STERLING HOUSING ASSOCIATION LTD |
| 650 ## - SUBJECT ADDED ENTRY--TOPICAL TERM | |
| Topical term or geographic name entry element | RENT ACT 1977 SCH 1 |
| 650 ## - SUBJECT ADDED ENTRY--TOPICAL TERM | |
| Topical term or geographic name entry element | HOUSING ACT 1988 |
| 650 ## - SUBJECT ADDED ENTRY--TOPICAL TERM | |
| Topical term or geographic name entry element | PROPERTY-RESIDENTIAL PROPERTY-RESIDENTIAL LANDLORD AND TENANT-RESIDENTIAL TENANCIES |
| 690 ## - LOCAL SUBJECT ADDED ENTRY--TOPICAL TERM (OCLC, RLIN) | |
| Topical term or geographic name as entry element | LANDLORD AND TENANT-RESIDENTIAL TENANCIES-CASE LAW |
| 942 ## - ADDED ENTRY ELEMENTS (KOHA) | |
| Suppress in OPAC | 0 |
| Withdrawn status | Lost status | Source of classification or shelving scheme | Damaged status | Not for loan | Home library | Current library | Shelving location | Date acquired | Total Checkouts | Full call number | Barcode | Date last seen | Copy number | Price effective from | Koha item type |
|---|---|---|---|---|---|---|---|---|---|---|---|---|---|---|---|
| Dewey Decimal Classification | London | London | Journal article | 07/01/2000 | ABS61717 | 103439-1001 | 06/08/2019 | 1 | 06/08/2019 | Law report |